Prognostický systém Dasymer /
Gespeichert in:
| 1. Verfasser: | |
|---|---|
| Weitere Verfasser: | |
| Format: | Buch |
| Sprache: | Slowakisch |
| Veröffentlicht: |
Bratislava :
Alfa,
1981
|
| Schlagworte: | |
| Tags: |
Keine Tags, Fügen Sie das erste Tag hinzu!
|
MARC
| LEADER | 00000nam a22000003a 4500 | ||
|---|---|---|---|
| 001 | stu40922 | ||
| 005 | 20150617225723.0 | ||
| 008 | 930601s1981----cs------------------slo-d | ||
| 040 | |a STU |b slo | ||
| 041 | 0 | |a slo | |
| 044 | |a cs | ||
| 080 | |a 338.27 | ||
| 080 | |a 519.86/.87 | ||
| 100 | 1 | |a Vlk, Štefan |4 aut | |
| 245 | 1 | |a Prognostický systém Dasymer / |c Štefan Vlk, Zoltán Sýkora a kol | |
| 260 | |a Bratislava : |b Alfa, |c 1981 | ||
| 300 | |a 249 s | ||
| 650 | 7 | |a Dasymer |2 stusub | |
| 650 | 7 | |a systémy prognostické |2 stusub | |
| 650 | 7 | |a prognostika |2 stusub | |
| 650 | 7 | |a systém Dasymer |2 stusub | |
| 700 | 1 | |a Sýkora, Zoltán |4 xxx | |
| 996 | |b 284M013020 |c M*5166-1 |l MMKN |s A |a 24 |w stu40922_0001 | ||